| 000 | 01254nam a2200241 a 4500 | ||
|---|---|---|---|
| 008 | 210503s2016 ||||||||||||||||| || u | ||
| 020 | _a9780198748816 | ||
| 050 | _aKD 130 Osu | ||
| 100 | _aHilliard, Jonathan | ||
| 245 | 1 | 4 |
_aThe law of contract (Seventh edition) _cBy Janet O'Sullivan and Jonathan Hilliard |
| 250 | _aSeventh edition | ||
| 260 |
_aOxford _bOxford University Press _c2016 |
||
| 300 | _axxxviii, 503 pages | ||
| 650 | _aCONTRACT LAW--GREAT BRITAIN | ||
| 650 | _aCONTRACTS--ENGLAND | ||
| 650 | _aCONTRACTS--WALES | ||
| 650 | _aCONTRACTS | ||
| 700 | _aO'Sullivan, Janet | ||
| 995 |
_aMAIN LIBRARY OPEN ACCESS _D46.38 _e751004 _FCBU-MAIN LIBRARY (Kitwe) _jKD 130 Osu _M4 _UAVAILABLE _WMay 3, 2021 _y751004 _ZMain Library Open Access Collection |
||
| 995 |
_aMAIN LIBRARY OPEN ACCESS _D46.38 _e751001 _FCBU-MAIN LIBRARY (Kitwe) _jKD 130 Osu _M1 _UAVAILABLE _WMay 3, 2021 _y751001 _ZMain Library Open Access Collection |
||
| 995 |
_aMAIN LIBRARY OPEN ACCESS _D46.38 _e751002 _FCBU-MAIN LIBRARY (Kitwe) _jKD 130 Osu _M2 _UAVAILABLE _WMay 3, 2021 _y751002 _ZMain Library Open Access Collection |
||
| 995 |
_aMAIN LIBRARY OPEN ACCESS _D46.38 _e751003 _FCBU-MAIN LIBRARY (Kitwe) _jKD 130 Osu _M3 _UAVAILABLE _WMay 3, 2021 _y751003 _ZMain Library Open Access Collection |
||
| 999 |
_c80636 _d80636 |
||